00366nam a2200145Ia 4500008004100000020001800041041000800059082001700067100001500084245003200099260003100131300000800162365001600170700003400186230718s9999 xx 000 0 und d a9788183715638 aeng a620.106bGAR aGarde R.J. aEngineering Fluid Mechanics c2014bScitech Publications a577 cRs.b540.00 aGarde R.J. & Mirajgaoker A.G.